Ч. 3: Основы теории электромагнитного поля; Теоретические основы электротехники. Решения типовых задач

Bibliographische Detailangaben
Parent link:Теоретические основы электротехники. Решения типовых задач: учебное пособие/ А. М. Купцов; Томский политехнический университет. Ч. 3: Основы теории электромагнитного поля.— , 2003-
Zusammenfassung:В пособие включены материалы по теории электромагнитного поля, предусмотренные программой курса теоретических основ электротехники. Пособие начинается с кратких сведений об электромагнитном поле, источниках, создающих поле, векторах, характеризующих поле, а также о векторных и скалярных потенциалах и свойствах среды. Затем приводятся уравнения электромагнитного поля, их частные случаи и граничные условия, которым должны удовлетворять уравнения поля. Приводятся решения типичных для теории электромагнитного поля задач, включающих анализ общих свойств электромагнитного поля и простейшие методы и приемы расчета электрических и магнитных полей. Предназначено для самостоятельной работы студентов электротехниче­ских и электроэнергетических направлений и специальностей и может быть полезно специалистам, работающим в области энергетики.
Sprache:Russisch
Veröffentlicht: 2011
Schlagworte:
Format: Buch
KOHA link:https://koha.lib.tpu.ru/cgi-bin/koha/opac-detail.pl?biblionumber=206142

MARC

LEADER 00000nam2a2200000 4500
001 206142
005 20231101225327.0
035 |a (RuTPU)RU\TPU\book\224701 
090 |a 206142 
100 |a 20111226d2011 m y0rusy50 ca 
101 0 |a rus 
102 |a RU 
105 |a a j 001zy 
200 0 |a Ч. 3: Основы теории электромагнитного поля 
210 |d 2011 
215 |a 115 с.  |c ил. 
320 |a Библиогр.: с. 104. 
330 |a В пособие включены материалы по теории электромагнитного поля, предусмотренные программой курса теоретических основ электротехники. Пособие начинается с кратких сведений об электромагнитном поле, источниках, создающих поле, векторах, характеризующих поле, а также о векторных и скалярных потенциалах и свойствах среды. Затем приводятся уравнения электромагнитного поля, их частные случаи и граничные условия, которым должны удовлетворять уравнения поля. Приводятся решения типичных для теории электромагнитного поля задач, включающих анализ общих свойств электромагнитного поля и простейшие методы и приемы расчета электрических и магнитных полей. Предназначено для самостоятельной работы студентов электротехниче­ских и электроэнергетических направлений и специальностей и может быть полезно специалистам, работающим в области энергетики. 
461 1 |0 (RuTPU)RU\TPU\book\49536  |t Теоретические основы электротехники. Решения типовых задач  |o учебное пособие  |f А. М. Купцов  |g Томский политехнический университет  |v Ч. 3: Основы теории электромагнитного поля  |d 2003-  
606 1 |a Электротехника теоретическая  |2 stltpush  |3 (RuTPU)RU\TPU\subj\20909  |9 45970 
610 1 |a ТОЭ 
610 1 |a теоретические основы электротехники 
610 1 |a электромагнитное поле 
610 1 |a теория 
610 1 |a электростатическое поле 
610 1 |a электрическое поле 
610 1 |a магнитное поле 
610 1 |a типовые задачи 
610 1 |a решения 
610 1 |a учебные пособия 
610 1 |a труды учёных ТПУ 
675 |a 621.3.01(076)  |v 3 
801 1 |a RU  |b 63413507  |c 20111226 
801 2 |a RU  |b 63413507  |c 20150324  |g RCR 
942 |c BK